02894nas a22003017a 4500999001700000005001700017007001200034008004100046022001400087040000900101082001400110082001400124082001400138210002800152245008800180260003800268300001600306310001500322365001600337500191200353650005802265650004302323650011502366651001402481655001802495856003502513942004402548 c40853d4085320200520100540.0cz aa aaaaa200428c b||poo|||| 00| 0 eng d a2455-4197 coclc a300bJOU/ a500bJOU/ a600bJOU/ aInt. J. Acad. Res. Dev. aInternational Journal of Academic Research and Developmenthe-Journal (Open Access) bGupta PublicationsaDelhi, India  aPDF(online) aBi-Monthly eOpen Access aInternational Journal of Academic Research and Development is indexed, refereed, peer reviewed and open access journal is designed to publish research articles in Engineering & Technology, Management, Medical Sciences, Medicine, Social Science, Education, Agriculture, Geography, Advertising, Accounting & Finance, Botany, Business Research, Chemistry, Commerce, Computer Application, Consumer Behaviour & Relationship Management, Corporate Governance, Earth Sciences, Economics, E-commerce, Bioscience, Entrepreneurship, Fisheries, History, Human Resources Management, Information Technology, Library Science, International Business, Law / Criminology, Life Sciences, Logistics and Supply Chain Management, Mathematics, Performing Arts, Physics, Psychology, Health Care, Fine Art, Industrial Relations, Architecture, Marketing communication, Marketing Management, Microbiology, Nursing / Pharmacy, Nutraceuticals, Physical Education, Philosophy, Political Sciences, Psychology, Population Studies, Selling and Marketing techniques, Strategic Management, Total Quality Management Training and Development, Sociology, Veterinary Sciences, Apiology, Arachnology, Arthropodology, Cetology, Conchology, Mosquito Taxonomical Studies, Vector (Mosquito) Biology, Vector Ecology, Prevention and Control of Mosquito/Vector-Borne Diseases, Vector Competence of Vector-Borne Diseases, Biopesticides/Botanical Insecticides in Vector Control and Management, Biological Control of Vector Mosquitoes, Vectors “Parasite Interaction, Epidemiology, Parasitology, Surveillance and Control Technology of Vectors, Applied Fields of Mosquito Research, Entomology, Helminthology, Herpetology, Ichthyology, Malacology, Myrmecology, Nematology, Neuroethology, Ornithology, Paleozoology, Planktology, Primatology, Zooarchaeology, Zoosemiotics, Vector Molecular Biology, Molecular Endocrinology, Parasitology and Immunobiology, etc. 0aSocial sciencesvSocial sciences928xSocial sciences 0aTechnologyvTechnology929xTechnology 0aNatural sciences & mathematicsvNatural sciences & mathematics930xNatural sciences & mathematics 0915aIndia 0918ae-Journal uhttp://www.academicjournal.in/ 2ddccEJh300:500:600k300:500:600mJOU/